[Event "61st World Juniors 2024"]
[Site "Gandhinagar IND"]
[Date "2024.06.02"]
[Round "1.23"]
[White "Mayank, Chakraborty"]
[Black "Jai Sankar Subramanian"]
[Result "1-0"]
[WhiteTitle "IM"]
[WhiteElo "2425"]
[BlackElo "1986"]
[WhiteFideId "25659766"]
[BlackFideId "25931970"]
[EventDate "2024.06.02"]

1. e4 c5 2. Nf3 e6 3. c3 d5 4. e5 Nc6 5. d4 Qb6 6. a3 Nh6 7. Bd3 cxd4 8. O-O Nf5
9. b4 Be7 10. Ra2 O-O 11. Rc2 Bd7 12. c4 dxc4 13. Rxc4 Rfd8 14. Bf4 Rac8 15. g4
Nh6 16. Qe2 Bf8 17. Ng5 g6 18. Ne4 f5 19. exf6 e5 20. Bxh6 Bxh6 21. Rc5 Be6 22.
Rb5 Qc7 23. Nc5 Bd5 24. Rxb7 Qd6 25. Be4 d3 26. Qxd3 Nd4 27. Rxa7 Qxf6 1-0

[Event "61st World Juniors 2024"]
[Site "Gandhinagar IND"]
[Date "2024.06.02"]
[Round "1.24"]
[White "Nandish V S"]
[Black "Stribuk, Artiom"]
[Result "1-0"]
[BlackTitle "IM"]
[WhiteElo "1981"]
[BlackElo "2422"]
[WhiteFideId "45084297"]
[BlackFideId "13515659"]
[EventDate "2024.06.02"]

1. d4 Nf6 2. c4 g6 3. Nc3 d5 4. Nf3 Bg7 5. Qb3 dxc4 6. Qxc4 O-O 7. e4 Nc6 8. Be2
e5 9. d5 Nd4 10. Nxd4 exd4 11. Qxd4 c6 12. Qd1 cxd5 13. exd5 b5 14. Nxb5 Nxd5
15. O-O Bb7 16. Bf3 Qb6 17. Qb3 Rad8 18. Bg5 Rc8 19. Nd6 Qxd6 20. Qxb7 Nc7 21.
Rac1 Be5 22. Rfd1 Qb6 23. Qxb6 axb6 24. Be7 Rfe8 25. Bd6 Bxd6 26. Rxd6 Nb5 27.
Rxc8 Rxc8 28. Rd2 Rc1+ 29. Bd1 Kf8 30. g3 Ke7 31. Kg2 Nd6 32. Bf3 Nc4 33. Re2+
Kd6 34. b3 Ne5 35. Rd2+ Ke7 36. Bd5 h5 37. b4 Rc3 38. a4 Nd3 39. Re2+ Kd6 40.
Bxf7 Ne5 41. Be8 Rb3 42. a5 bxa5 43. bxa5 g5 44. Bxh5 Ra3 45. Rd2+ Ke6 46. Bd1
Rxa5 47. Bb3+ Ke7 48. Rd5 Rxd5 49. Bxd5 Kf6 50. f3 Kf5 51. Be4+ Kf6 52. g4 Nc4
53. h4 Ne3+ 54. Kf2 Nd1+ 55. Kg3 Nc3 56. hxg5+ Kxg5 57. f4+ Kf6 58. g5+ Kg7 59.
Bf3 Nb5 60. Kg4 Nd6 61. Bd5 Kg6 62. f5+ Kg7 63. Kf4 1-0

[Event "61st World Juniors 2024"]
[Site "Gandhinagar IND"]
[Date "2024.06.02"]
[Round "1.25"]
[White "Vaz, Ethan"]
[Black "Sureka Akshat"]
[Result "1/2-1/2"]
[WhiteTitle "IM"]
[WhiteElo "2420"]
[BlackElo "1972"]
[WhiteFideId "25940783"]
[BlackFideId "25774492"]
[EventDate "2024.06.02"]

1. e4 c5 2. Nf3 d6 3. d4 cxd4 4. Nxd4 Nf6 5. Nc3 a6 6. Bg5 e6 7. f4 h6 8. Bh4
Qb6 9. a3 Nbd7 10. Bf2 Qc7 11. Qe2 b5 12. O-O-O Be7 13. g4 g5 14. Bg2 Bb7 15. h4
Qc4 16. hxg5 Qxe2 17. Ndxe2 Nxg4 18. Bg1 O-O-O 19. Bf3 f5 20. gxf6 Ngxf6 21. Nd4
Nc5 22. Re1 Rd7 23. Bh2 d5 24. exd5 Nxd5 25. Nxd5 Bxd5 26. Bxd5 exd5 27. Nf5 Ne4
28. Bg1 h5 29. Bd4 Rh7 30. Rh3 Bd8 31. Reh1 Bc7 32. Be3 Nf6 33. Kb1 Rdf7 34. Bd4
Kd7 35. Bxf6 Rxf6 36. Rxh5 Rxh5 37. Rxh5 Bxf4 38. c3 Ke6 39. Nd4+ Kd6 40. Nc2
Rh6 41. Rf5 Be5 42. Nb4 Ke6 43. Rg5 Rh1+ 44. Ka2 Rh2 45. Kb3 a5 46. Nd3 Bd6 47.
Rg4 a4+ 48. Ka2 Kd7 49. Rg8 Rd2 50. Ne1 Re2 51. Nf3 Bc5 52. Rg7+ Kc6 53. Kb1 Re3
54. Rf7 Kd6 55. Rf6+ Kd7 56. Rf7+ Ke6 57. Ng5+ Kd6 58. Rf6+ Kd7 59. Rf7+ Kd6 60.
Rf3 Re1+ 61. Ka2 Re2 62. Rf6+ Ke5 1/2-1/2

[Event "61st World Juniors 2024"]
[Site "Gandhinagar IND"]
[Date "2024.06.02"]
[Round "1.26"]
[White "Gaikwad Manas"]
[Black "Davtyan, Arsen"]
[Result "0-1"]
[BlackTitle "IM"]
[WhiteElo "1957"]
[BlackElo "2415"]
[WhiteFideId "25912410"]
[BlackFideId "13309315"]
[EventDate "2024.06.02"]

1. e4 e5 2. Nf3 Nc6 3. Bc4 Bc5 4. c3 Nf6 5. d3 d6 6. Nbd2 a5 7. Bb3 O-O 8. O-O
Be6 9. Qe2 Re8 10. Rd1 h6 11. Nf1 d5 12. h3 a4 13. Bc2 d4 14. Ng3 b5 15. a3 Bf8
16. Bd2 g6 17. Rac1 Ra6 18. cxd4 exd4 19. Nh2 Nd7 20. f4 Nc5 21. Rf1 f5 22. exf5
gxf5 23. Qf2 Qf6 24. Rce1 Bf7 25. Nf3 Rxe1 26. Rxe1 Nd7 27. Kh1 Bg7 28. Ne5
Ncxe5 29. fxe5 Nxe5 30. Qxf5 Bg6 31. Qc8+ Kh7 32. Rxe5 Qxe5 33. Qxa6 Qxg3 34.
Qxb5 Qf2 35. Qa5 Qf1+ 36. Kh2 Qe2 37. Kg1 c5 38. h4 Bf7 39. Bxa4 Bd5 0-1

[Event "61st World Juniors 2024"]
[Site "Gandhinagar IND"]
[Date "2024.06.02"]
[Round "1.27"]
[White "Srihari, L"]
[Black "Jihan Tejas Shah"]
[Result "1-0"]
[WhiteTitle "IM"]
[WhiteElo "2400"]
[BlackElo "1956"]
[WhiteFideId "46642056"]
[BlackFideId "33370109"]
[EventDate "2024.06.02"]

1. e4 c5 2. Nf3 Nc6 3. Bb5 g6 4. Bxc6 dxc6 5. d3 Bg7 6. h3 Nf6 7. Nc3 Nd7 8. O-O
e5 9. Be3 b6 10. Qd2 h6 11. Nh2 Nf8 12. f4 exf4 13. Bxf4 Ne6 14. Be3 Nd4 15. Nd1
Be6 16. c3 Nb5 17. Nf2 h5 18. Nf3 Qd7 19. a4 Nc7 20. a5 O-O 21. Bh6 Rfd8 22. Qf4
Bh8 23. Bg5 Rdb8 24. a6 f6 25. Bxf6 Rf8 26. e5 Nd5 27. Qh6 Nxf6 28. exf6 Bf5 29.
Ne5 Qe8 30. f7+ Rxf7 31. Nxf7 Qxf7 32. g4 Bg7 33. Qg5 hxg4 34. hxg4 Be6 35. Ne4
Qe8 36. Rae1 Qd7 37. Qxg6 Rf8 38. Ng5 Rf7 39. Rf4 Rxf4 40. Rf1 1-0

[Event "61st World Juniors 2024"]
[Site "Gandhinagar IND"]
[Date "2024.06.02"]
[Round "1.28"]
[White "Ayushh, Ravikumar"]
[Black "Wafa, Hamed"]
[Result "0-1"]
[WhiteTitle "FM"]
[BlackTitle "IM"]
[WhiteElo "1950"]
[BlackElo "2396"]
[WhiteFideId "35039482"]
[BlackFideId "10628452"]
[EventDate "2024.06.02"]

1. d4 Nf6 2. c4 e6 3. Nf3 Bb4+ 4. Nc3 O-O 5. Bg5 d6 6. Qc2 c5 7. e3 h6 8. Bxf6
Qxf6 9. Bd3 Nc6 10. O-O cxd4 11. Ne4 Qe7 12. exd4 f5 13. Ng3 Qf6 14. Qa4 Bd7 15.
d5 exd5 16. cxd5 Ne5 17. Qxb4 Nxd3 18. Qxb7 Nc5 19. Qb4 Rab8 20. Qd4 f4 21. Qxf6
Rxf6 22. Ne2 Rxb2 23. Ned4 Bf5 24. Nb3 Ne4 25. Nfd4 Nc3 26. Rfc1 Nxd5 27. Nxf5
Rxf5 28. Nd4 Re5 29. h4 Re4 30. Rc2 Rxc2 31. Nxc2 Nc3 32. Kf1 Re2 33. Nd4 Rd2
34. Rc1 Ne4 35. Nf5 Rxf2+ 36. Kg1 Rxa2 37. Rc7 Ng3 38. Nxg3 fxg3 39. Kf1 a5 40.
Rc3 a4 41. Rxg3 a3 42. Kg1 Ra1+ 43. Kh2 Kf7 0-1

[Event "61st World Juniors 2024"]
[Site "Gandhinagar IND"]
[Date "2024.06.02"]
[Round "1.29"]
[White "Anuj, Shrivatri"]
[Black "Swarna Nihal"]
[Result "1-0"]
[WhiteTitle "IM"]
[WhiteElo "2390"]
[BlackElo "1949"]
[WhiteFideId "35070924"]
[BlackFideId "25683640"]
[EventDate "2024.06.02"]

1. Nf3 c5 2. c4 Nc6 3. d4 cxd4 4. Nxd4 Nf6 5. Nc3 g6 6. e4 d6 7. f3 Nxd4 8. Qxd4
Bg7 9. Be3 O-O 10. Qd2 a5 11. Na4 Be6 12. Be2 Nd7 13. O-O Nc5 14. Nc3 a4 15.
Rab1 Qa5 16. Rfd1 Rfc8 17. Nd5 Qxd2 18. Bxd2 Bxd5 19. exd5 Ra6 20. Rdc1 Rb6 21.
Rc2 Bd4+ 22. Kf1 Ra8 23. Be1 e5 24. dxe6 fxe6 25. Bf2 Bxf2 26. Kxf2 Kf7 27. f4
Ke7 28. Ke3 Rb4 29. Kd4 a3 30. b3 Rxb3 31. axb3 a2 32. Rxa2 Rxa2 33. Bf3 b6 34.
b4 Nd7 35. Kc3 e5 36. Kb3 Rd2 37. Kc3 Ra2 38. Re1 Kd8 39. Kb3 Rf2 40. fxe5 Nxe5
41. Bd5 Rd2 42. Ka4 Rb2 43. Re3 Ng4 44. Ra3 Ne5 45. Kb5 Ke7 46. Ra7+ Kf6 47.
Rxh7 Nd3 48. Rf7+ Kg5 49. Kxb6 Nxb4 50. Kc7 Nxd5+ 51. cxd5 Rxg2 52. Rh7 Kf6 53.
Kxd6 Ra2 54. h3 Ra6+ 55. Kc5 Ra5+ 56. Kc6 Ra6+ 57. Kb5 Ra3 58. d6 Rb3+ 59. Kc6
Rc3+ 60. Kb7 Rb3+ 61. Kc8 Rd3 62. d7 Rc3+ 63. Kd8 Re3 64. Rh8 Kf7 65. Kc7 Rc3+
66. Kb6 1-0

[Event "61st World Juniors 2024"]
[Site "Gandhinagar IND"]
[Date "2024.06.02"]
[Round "1.30"]
[White "Daksh Goyal"]
[Black "Ozenir, Ekin Baris"]
[Result "1-0"]
[BlackTitle "IM"]
[WhiteElo "1948"]
[BlackElo "2390"]
[WhiteFideId "25100149"]
[BlackFideId "6357415"]
[EventDate "2024.06.02"]

1. e4 e6 2. d4 d5 3. Nc3 Nf6 4. e5 Nfd7 5. f4 c5 6. Nf3 a6 7. Be3 Qb6 8. Na4
Qa5+ 9. c3 cxd4 10. b4 Qc7 11. Bxd4 Nc6 12. a3 b5 13. Nb2 f6 14. Rc1 fxe5 15.
fxe5 g6 16. Qd2 Bg7 17. Be2 O-O 18. O-O Ndxe5 19. Nxe5 Rxf1+ 20. Rxf1 Bxe5 21.
Bxe5 Nxe5 22. Qg5 Bb7 23. Nd3 Nxd3 24. Bxd3 Rf8 25. Rxf8+ Kxf8 26. Qf6+ Qf7 27.
Qh8+ Ke7 28. Qb8 Kf6 29. Qf4+ Kg7 30. Qe5+ Qf6 31. Qc7+ Kh6 32. Qxb7 Qxc3 33.
Qe7 Qd4+ 34. Kf1 Qxd3+ 35. Ke1 Qe3+ 36. Kf1 Qf4+ 37. Ke2 e5 38. g3 Qg4+ 39. Kf2
e4 40. Qf8+ Kh5 41. Qg7 h6 42. Qe7 d4 43. Ke1 e3 44. Qc5+ Qf5 45. h3 Qg5 46. Ke2
a5 47. Qxg5+ Kxg5 48. bxa5 Kf5 49. Kd3 1-0

[Event "61st World Juniors 2024"]
[Site "Gandhinagar IND"]
[Date "2024.06.02"]
[Round "1.31"]
[White "Fecker, Noah"]
[Black "Shah, Jeet"]
[Result "1/2-1/2"]
[WhiteTitle "FM"]
[WhiteElo "2390"]
[BlackElo "1946"]
[WhiteFideId "1334263"]
[BlackFideId "45012954"]
[EventDate "2024.06.02"]

1. e4 e5 2. Nf3 Nc6 3. Bb5 a6 4. Ba4 Nge7 5. Nc3 Ng6 6. d4 exd4 7. Nxd4 Nxd4 8.
Qxd4 b5 9. Bb3 Bb7 10. Qd3 Bd6 11. O-O O-O 12. f4 Qh4 13. Bd5 Bxd5 14. Nxd5 c6
15. g3 Qd8 16. Ne3 Bc5 17. Kg2 d5 18. exd5 Re8 19. Bd2 Ne7 20. Rad1 Bxe3 21.
Bxe3 Nxd5 1/2-1/2

[Event "61st World Juniors 2024"]
[Site "Gandhinagar IND"]
[Date "2024.06.02"]
[Round "1.32"]
[White "Mrinmoy Rajkhowa"]
[Black "Jares, Michal"]
[Result "1/2-1/2"]
[BlackTitle "FM"]
[WhiteElo "1942"]
[BlackElo "2382"]
[WhiteFideId "25603426"]
[BlackFideId "386839"]
[EventDate "2024.06.02"]

1. e4 c6 2. Nf3 d5 3. Nc3 Bg4 4. h3 Bxf3 5. Qxf3 e6 6. Be2 Bc5 7. O-O Ne7 8. Na4
Bd4 9. c3 Bf6 10. d4 dxe4 11. Qxe4 Nd7 12. Rd1 Qa5 13. Qc2 O-O 14. Bf4 b5 15.
Nc5 Nxc5 16. dxc5 b4 17. a3 b3 18. Qxb3 Qxc5 19. Bd6 Qb6 20. Qxb6 axb6 21. Bxe7
Bxe7 22. Rd7 Rfe8 23. Bf3 Rac8 24. Rb7 Bd8 25. Rd1 Rf8 26. Rdd7 c5 27. Bg4 Rc6
28. Bf3 Rc8 29. c4 g6 30. Bg4 Rc6 31. Bf3 Rc8 32. Bg4 Rc6 33. Bf3 Rc8 34. Bg4
Rc6 35. Bf3 Rc8 36. Bg4 Rc6 37. Bf3 Rc8 38. Bg4 Rc6 1/2-1/2

[Event "61st World Juniors 2024"]
[Site "Gandhinagar IND"]
[Date "2024.06.02"]
[Round "1.33"]
[White "Domalchuk-Jonasson, Aleksandr"]
[Black "Vihaan Karthikeya N"]
[Result "1-0"]
[WhiteTitle "IM"]
[WhiteElo "2380"]
[BlackElo "1936"]
[WhiteFideId "14142805"]
[BlackFideId "25950673"]
[EventDate "2024.06.02"]

1. d4 d5 2. c4 e6 3. Nf3 c6 4. e3 f5 5. Bd3 Nf6 6. b3 Bd6 7. Bb2 O-O 8. Nbd2
Nbd7 9. O-O Ne4 10. Ne5 Nxe5 11. dxe5 Bc5 12. Nf3 f4 13. exf4 Rxf4 14. Bc1 Rf8
15. Qe2 Nxf2 16. Rxf2 Bxf2+ 17. Qxf2 dxc4 18. Bxc4 b5 19. Be2 a5 20. Be3 b4 21.
Rd1 Qe8 22. Bc5 Rf7 23. Qh4 Rd7 24. Bd3 g6 25. Bd6 Ba6 26. Bxa6 Rxa6 27. Ng5 h5
28. Qc4 Raa7 29. Ne4 Rf7 30. Nf6+ Rxf6 31. exf6 Kf7 32. Be7 Rd7 33. Re1 Rd5 34.
Qf4 Qc8 35. Qh6 Qg8 36. Rc1 c5 37. Rxc5 Rxc5 38. Bxc5 Kxf6 39. Qf4+ Kg7 40. Qc7+
Kh6 41. Be3+ g5 42. h4 Qh8 43. hxg5+ Kg6 44. Qc2+ Kf7 45. g6+ 1-0

[Event "61st World Juniors 2024"]
[Site "Gandhinagar IND"]
[Date "2024.06.02"]
[Round "1.36"]
[White "Sri Charan Sandipagu"]
[Black "De Silva, L M S T"]
[Result "1-0"]
[BlackTitle "IM"]
[WhiteElo "1924"]
[BlackElo "2364"]
[WhiteFideId "25174657"]
[BlackFideId "9953698"]
[EventDate "2024.06.02"]

1. e4 e5 2. Nf3 Nc6 3. d4 exd4 4. Nxd4 Nf6 5. Nc3 Bb4 6. Nxc6 bxc6 7. Bd3 d5 8.
exd5 O-O 9. O-O Bg4 10. f3 Bh5 11. dxc6 Qd4+ 12. Kh1 Bxc3 13. bxc3 Qxc3 14. Bf4
Qxc6 15. Qd2 Bg6 16. a4 Bxd3 17. cxd3 Nd5 18. Rfc1 Qf6 19. Bg3 Rfe8 20. Rab1 c6
21. a5 h5 22. Qb2 Qd8 23. Rxc6 h4 24. Rd6 Qg5 25. Qd4 hxg3 26. Rxd5 Qh6 27. h3
Qd2 28. Re5 Reb8 29. Rbe1 Rb4 30. Qd6 Qf4 31. Qc5 Rab8 32. R5e2 a6 33. Qc2 Qd4
34. Qc7 Qh4 35. Re4 Rb1 36. Qxb8+ 1-0

[Event "61st World Juniors 2024"]
[Site "Gandhinagar IND"]
[Date "2024.06.02"]
[Round "1.37"]
[White "Panda, Sambit"]
[Black "Arul Prakash N"]
[Result "1-0"]
[WhiteTitle "IM"]
[WhiteElo "2363"]
[BlackElo "1907"]
[WhiteFideId "25091794"]
[BlackFideId "45061114"]
[EventDate "2024.06.02"]

1. Nf3 Nf6 2. c4 e6 3. d4 Bb4+ 4. Nbd2 O-O 5. a3 Be7 6. e4 d6 7. Bd3 Nfd7 8. b4
e5 9. d5 c5 10. O-O a5 11. b5 Re8 12. Bb2 Nf8 13. Ne1 Ng6 14. g3 Nd7 15. Ng2
Ndf8 16. f4 exf4 17. gxf4 Bf6 18. e5 dxe5 19. Ne4 Bh3 20. Qf3 Nxf4 21. Nxf4 Bxf1
22. Rxf1 exf4 23. Bxf6 gxf6 24. Qxf4 Nd7 25. Qh6 Qe7 26. Kh1 Qf8 27. Nxf6+ Nxf6
28. Rg1+ 1-0

[Event "61st World Juniors 2024"]
[Site "Gandhinagar IND"]
[Date "2024.06.02"]
[Round "1.38"]
[White "Jyotshnav Talukdar"]
[Black "Sanket, Chakravarty"]
[Result "0-1"]
[BlackTitle "IM"]
[WhiteElo "1898"]
[BlackElo "2357"]
[WhiteFideId "25924370"]
[BlackFideId "25032038"]
[EventDate "2024.06.02"]

1. d4 Nf6 2. c4 e6 3. g3 d5 4. Bg2 Be7 5. Nf3 O-O 6. O-O dxc4 7. Qc2 b5 8. a4 b4
9. Nfd2 Nd5 10. Nxc4 c5 11. e4 Nb6 12. Nxb6 axb6 13. d5 exd5 14. exd5 Bf6 15.
Nd2 Nd7 16. Ne4 Ba6 17. Rd1 Bd4 18. Bf4 h6 19. Rxd4 cxd4 20. Qd2 f5 21. Nd6 g5
22. Re1 gxf4 23. Re6 Rf6 24. Qxf4 Nc5 25. Nxf5 Nxe6 26. dxe6 Ra7 27. Nxh6+ Kf8
28. Qg5 Rg7 29. Qh4 Rh7 30. Qg5 Rhxh6 31. Bd5 Qe7 32. Qe5 d3 33. Bb3 d2 34. Qb8+
Kg7 35. Qxb6 0-1

[Event "61st World Juniors 2024"]
[Site "Gandhinagar IND"]
[Date "2024.06.02"]
[Round "1.39"]
[White "Bodrogi, Bendeguz"]
[Black "Dishank Sachin Bajaj"]
[Result "1-0"]
[WhiteTitle "FM"]
[WhiteElo "2353"]
[BlackElo "1893"]
[WhiteFideId "790303"]
[BlackFideId "25953036"]
[EventDate "2024.06.02"]

1. Nf3 d5 2. g3 g6 3. Bg2 Nf6 4. b3 Bg7 5. Bb2 O-O 6. c4 c6 7. O-O Nbd7 8. d4
Ne4 9. Nbd2 Ndf6 10. e3 Bg4 11. h3 Nxd2 12. Qxd2 Ne4 13. Qc2 Bf5 14. g4 Be6 15.
Ne5 f5 16. f3 Nd6 17. Rae1 Rc8 18. c5 Nf7 19. Nd3 Bd7 20. Qd1 Qc7 21. f4 b6 22.
g5 Ra8 23. a4 Rfb8 24. Qc2 b5 25. axb5 Rxb5 26. Ra1 Bc8 27. Ra3 Rab8 28. Rfa1 a6
29. Bc3 Nxg5 30. fxg5 Qg3 31. Qf2 Qxg5 32. b4 Bh6 33. Ne5 Qf6 34. Rxa6 Bxa6 35.
Rxa6 1-0

[Event "61st World Juniors 2024"]
[Site "Gandhinagar IND"]
[Date "2024.06.02"]
[Round "1.40"]
[White "Insara, S D Nadev"]
[Black "Aswath, S"]
[Result "0-1"]
[BlackTitle "IM"]
[WhiteElo "1874"]
[BlackElo "2352"]
[WhiteFideId "29932050"]
[BlackFideId "46694919"]
[EventDate "2024.06.02"]

1. c4 e6 2. d4 Nf6 3. g3 c5 4. Nf3 b6 5. d5 Bb7 6. Nc3 exd5 7. cxd5 d6 8. Bg2
Be7 9. O-O O-O 10. e4 Nbd7 11. e5 Ne8 12. e6 fxe6 13. dxe6 Ndf6 14. Bf4 Nc7 15.
Re1 Qe8 16. Bxd6 Rd8 17. Bxc7 Rxd1 18. Raxd1 Qc8 19. Bd6 Re8 20. Nb5 Bd5 21. Re5
Qc6 22. Bxe7 Rxe7 23. Rexd5 Nxd5 24. Ne5 Qxb5 25. Bxd5 g6 26. Nc6 Re8 27. e7+
Kg7 28. Bf3 Kf7 29. Rd7 Qxb2 30. Bd5+ Kf6 31. Rd6+ Kg7 32. Rd8 Rxe7 33. Nxe7 c4
34. Ng8 Qb5 0-1

[Event "61st World Juniors 2024"]
[Site "Gandhinagar IND"]
[Date "2024.06.02"]
[Round "1.41"]
[White "Kanyamarala, Tarun"]
[Black "Mrithyunjay Mahadevan"]
[Result "1-0"]
[WhiteTitle "IM"]
[BlackTitle "CM"]
[WhiteElo "2333"]
[BlackElo "1867"]
[WhiteFideId "45004714"]
[BlackFideId "45003521"]
[EventDate "2024.06.02"]

1. d4 Nf6 2. Nf3 g6 3. c4 Bg7 4. Nc3 d5 5. cxd5 Nxd5 6. e4 Nxc3 7. bxc3 c5 8.
Bb5+ Nc6 9. d5 Qa5 10. Rb1 a6 11. Ba4 b5 12. dxc6 Qxa4 13. Qxa4 bxa4 14. O-O Be6
15. Ba3 Bxa2 16. Rb7 O-O 17. Bxc5 Rfc8 18. c7 Bc4 19. Rd1 Bb5 20. Ra7 a3 21.
Rxa8 Rxa8 22. Rd8+ Bf8 23. Bxa3 1-0

[Event "61st World Juniors 2024"]
[Site "Gandhinagar IND"]
[Date "2024.06.02"]
[Round "1.42"]
[White "Rohith S"]
[Black "Shahil, Dey"]
[Result "0-1"]
[BlackTitle "IM"]
[WhiteElo "1866"]
[BlackElo "2332"]
[WhiteFideId "45075360"]
[BlackFideId "35062352"]
[EventDate "2024.06.02"]

1. e4 c5 2. Nf3 e6 3. d4 cxd4 4. Nxd4 Nf6 5. Nc3 Nc6 6. Nxc6 bxc6 7. e5 Nd5 8.
Ne4 Qc7 9. f4 Qb6 10. c4 Ne3 11. Qd3 Bb4+ 12. Bd2 Ba6 13. Rc1 Bxc4 14. Rxc4 Nxc4
15. Qxc4 Bxd2+ 16. Nxd2 Qxb2 17. Bd3 Rb8 18. Ke2 Rb4 19. Rb1 Qxb1 20. Bxb1 Rxc4
21. Nxc4 Ke7 22. g4 f6 23. h4 fxe5 24. fxe5 h5 25. g5 Rf8 26. Ke3 Rf1 27. Be4
Ra1 28. a3 Rc1 29. Kd4 Rg1 30. Bf3 g6 0-1

[Event "61st World Juniors 2024"]
[Site "Gandhinagar IND"]
[Date "2024.06.02"]
[Round "1.43"]
[White "Ayush, Sharma"]
[Black "Borkhetariya Devarsh M"]
[Result "1-0"]
[WhiteTitle "IM"]
[WhiteElo "2325"]
[BlackElo "1864"]
[WhiteFideId "45010943"]
[BlackFideId "25777033"]
[EventDate "2024.06.02"]

1. Nf3 Nf6 2. c4 c5 3. g3 Nc6 4. Bg2 e5 5. Nc3 g6 6. O-O d6 7. a3 Bg7 8. b4 O-O
9. Rb1 Rb8 10. d3 b6 11. b5 Nd4 12. Ne1 Bb7 13. e3 Ne6 14. Bxb7 Rxb7 15. e4 Ne8
16. a4 f5 17. Nd5 Nf6 18. Nc2 f4 19. Bd2 Rbf7 20. f3 fxg3 21. hxg3 Nh5 22. Kg2
Ng5 23. f4 exf4 24. gxf4 Ne6 25. Qg4 Nc7 26. Nxc7 Qxc7 27. f5 Nf6 28. Qh3 gxf5
29. Rxf5 Ne8 30. Ne3 Rxf5 31. Nxf5 Qf7 32. Bc3 Kh8 33. Nxg7 Nxg7 34. Rg1 Rg8 35.
Kh1 Qe7 36. Bxg7+ 1-0

[Event "61st World Juniors 2024"]
[Site "Gandhinagar IND"]
[Date "2024.06.02"]
[Round "1.44"]
[White "Sharnarthi Shlok"]
[Black "Manish Anto, Cristiano F"]
[Result "0-1"]
[BlackTitle "IM"]
[WhiteElo "1838"]
[BlackElo "2307"]
[WhiteFideId "25977776"]
[BlackFideId "25095927"]
[EventDate "2024.06.02"]

1. e4 e5 2. Nf3 Nc6 3. Bc4 Bc5 4. O-O Nf6 5. d3 O-O 6. c3 d6 7. Bb3 h6 8. Bc2 a6
9. Re1 Ba7 10. Nbd2 Ng4 11. Re2 f5 12. Bb3+ Kh8 13. h3 fxe4 14. Nxe4 Rxf3 15.
gxf3 Nf6 16. Qf1 Bf5 17. Bc2 Nh5 18. Qg2 Qh4 19. Kh2 Rf8 20. Bd2 Ne7 21. Rg1 Ng6
22. Ng3 Bd7 23. Nxh5 Qxh5 24. d4 Rf6 25. Qg3 exd4 26. Re7 d3 27. Rxd7 dxc2 28.
Qg4 Qxg4 29. hxg4 Ne5 30. Rd8+ Kh7 31. g5 hxg5 32. Kg2 Nxf3 33. Rh1+ Kg6 34. Be3
Nh4+ 35. Kg3 Nf5+ 0-1

[Event "61st World Juniors 2024"]
[Site "Gandhinagar IND"]
[Date "2024.06.02"]
[Round "1.45"]
[White "Adireddy, Arjun"]
[Black "Alhejab, Meshal"]
[Result "1-0"]
[WhiteTitle "FM"]
[WhiteElo "2306"]
[BlackElo "1837"]
[WhiteFideId "25647709"]
[BlackFideId "10302603"]
[EventDate "2024.06.02"]

1. e4 c5 2. Nf3 d6 3. d4 cxd4 4. Nxd4 Nf6 5. Nc3 a6 6. h3 h5 7. Be3 e5 8. Nf3
Qc7 9. a4 b6 10. Be2 Be7 11. Ng5 Bb7 12. O-O Nbd7 13. Nd5 Nxd5 14. exd5 Bxg5 15.
Bxg5 g6 16. Ra3 f6 17. Bc1 Rc8 18. Rc3 Qd8 19. Rg3 Kf7 20. Bd3 f5 21. c4 e4 22.
Bg5 Qg8 23. Be2 Ne5 24. Rb3 Nxc4 25. Bxc4 Rxc4 26. Rxb6 Rc7 27. Rxd6 Qg7 28. Rb6
Re8 29. Qb3 Kf8 30. d6 Rd7 31. Be7+ Rexe7 32. dxe7+ Qxe7 33. Rxg6 Bd5 34. Qc3 1-0

[Event "61st World Juniors 2024"]
[Site "Gandhinagar IND"]
[Date "2024.06.02"]
[Round "1.46"]
[White "De Maupeou D'ableiges, Alexandre"]
[Black "Koziorowicz, Michal"]
[Result "0-1"]
[BlackTitle "FM"]
[WhiteElo "1831"]
[BlackElo "2304"]
[WhiteFideId "4313585"]
[BlackFideId "21809194"]
[EventDate "2024.06.02"]

1. d4 Nf6 2. Nf3 g6 3. c4 Bg7 4. Nc3 O-O 5. g3 d6 6. Bg2 Nbd7 7. O-O e5 8. e3 c6
9. b3 Re8 10. Bb2 e4 11. Ng5 d5 12. cxd5 cxd5 13. Nh3 Nf8 14. Nf4 h5 15. Qd2 g5
16. Nfe2 Bh6 17. f3 exf3 18. Rxf3 g4 19. Rf4 Ng6 20. Re1 Bf5 21. Kh1 Nxf4 22.
Nxf4 Bxf4 23. exf4 Rxe1+ 24. Qxe1 Ne4 25. Bxe4 Bxe4+ 26. Kg1 f5 27. Qd2 Qe8 28.
Kf2 Rc8 29. Kg1 b5 30. b4 a5 31. a3 axb4 32. axb4 Rc4 33. Qc1 Qa8 34. Qd2 Qf8
35. Qc1 Qf6 36. Qa1 Qxd4+ 0-1

[Event "61st World Juniors 2024"]
[Site "Gandhinagar IND"]
[Date "2024.06.02"]
[Round "1.47"]
[White "Lopez Rayo, Santiago"]
[Black "Makwana, Devam"]
[Result "1-0"]
[WhiteTitle "FM"]
[WhiteElo "2277"]
[BlackElo "1820"]
[WhiteFideId "4455665"]
[BlackFideId "25632566"]
[EventDate "2024.06.02"]

1. e4 c5 2. Nf3 d6 3. d4 cxd4 4. Nxd4 Nf6 5. Nc3 Nc6 6. Bg5 e6 7. Qd2 Be7 8.
O-O-O O-O 9. h4 Nxd4 10. Qxd4 Qa5 11. Kb1 Rd8 12. Qd2 Qc7 13. f3 Bd7 14. h5 h6
15. Be3 Bc6 16. Bd3 e5 17. Rh3 Bf8 18. g4 d5 19. g5 Nxe4 20. fxe4 dxe4 21. gxh6
exd3 22. cxd3 Qd6 23. hxg7 Bxg7 24. h6 Bf6 25. Qf2 Rd7 26. Rf1 Bd8 27. Rg1+ Kh8
28. Bc5 Qf6 29. Qg3 Qg6 30. Qxe5+ Bf6 31. Qf4 Bg2 32. Rxg2 Qxg2 33. Qxf6+ Kh7
34. Qf5+ Kh8 35. Qxd7 Qf1+ 36. Kc2 Rg8 37. h7 1-0

[Event "61st World Juniors 2024"]
[Site "Gandhinagar IND"]
[Date "2024.06.02"]
[Round "1.48"]
[White "Guru Prakash"]
[Black "Pozzari, Simone"]
[Result "1-0"]
[BlackTitle "FM"]
[WhiteElo "1817"]
[BlackElo "2276"]
[WhiteFideId "25138316"]
[BlackFideId "2831282"]
[EventDate "2024.06.02"]

1. e4 e5 2. Nf3 Nc6 3. Bb5 a6 4. Ba4 Nf6 5. O-O Nxe4 6. d4 b5 7. Bb3 d5 8. dxe5
Be6 9. c3 Bc5 10. Nbd2 O-O 11. Bc2 Nxf2 12. Rxf2 f6 13. Qe2 fxe5 14. Nb3 Bxf2+
15. Qxf2 e4 16. Qe1 Bg4 17. Nfd4 Ne5 18. Qg3 Qd6 19. Be3 Rae8 20. Re1 Rf6 21.
Ne2 Bxe2 22. Rxe2 Rg6 23. Qh3 Rg4 1-0